Opferinteressen und Strafverfolgung
| Main Author: | |
|---|---|
| Format: | Print Book |
| Language: | German |
| Published: |
Freiburg i. Br.
Ed. iuscrim
1995
|
| In: |
Kriminologische Forschungsberichte aus dem Max-Planck-Institut für Ausländisches und Internationales Strafrecht (58)
Year: 1995 |
| Online Access: |
Table of Contents |
| Availability in Tübingen: | Present in Tübingen. IFK: S LXXV 58 UB: 35 A 22051 |
| Check availability: | HBZ Gateway |
| Subito Delivery Service: | Order now. |
| Keywords: | |
| Parallel Edition: | Electronic
|
MARC
| LEADER | 00000cam a2200000 c 4500 | ||
|---|---|---|---|
| 001 | 272419257 | ||
| 003 | DE-627 | ||
| 005 | 20260206204409.0 | ||
| 007 | tu | ||
| 008 | 950808s1995 gw ||||| m 00| ||ger c | ||
| 015 | |a 95,N28,0224 |2 dnb | ||
| 015 | |a 95,B48,0262 |2 dnb | ||
| 016 | 7 | |a 944366201 |2 DE-101 | |
| 020 | |a 3861130017 |9 3-86113-001-7 | ||
| 035 | |a (DE-627)272419257 | ||
| 035 | |a (DE-603)035478144 | ||
| 035 | |a (DE-576)047089601 | ||
| 035 | |a (DE-599)GBV272419257 | ||
| 035 | |a (OCoLC)246650253 | ||
| 035 | |a (OCoLC)722240504 | ||
| 035 | |a (OCoLC)34776233 | ||
| 040 | |a DE-627 |b ger |c DE-627 |e rakwb | ||
| 041 | |a ger | ||
| 044 | |c XA-DE | ||
| 084 | |a 19 |a 14 |2 sdnb | ||
| 084 | |a 2,1 |2 ssgn | ||
| 084 | |a PH 8600 |2 rvk |0 (DE-625)rvk/136512: | ||
| 084 | |a 86.41 |2 bkl | ||
| 100 | 1 | |a Kilchling, Michael |d 1958- |0 (DE-588)172900514 |0 (DE-627)697828611 |0 (DE-576)174194153 |4 aut | |
| 109 | |a Kilchling, Michael 1958- | ||
| 245 | 1 | 0 | |a Opferinteressen und Strafverfolgung |c Michael Kilchling |
| 264 | 1 | |a Freiburg i. Br. |b Ed. iuscrim |c 1995 | |
| 300 | |a XIII, 826 S. |b graph. Darst. | ||
| 336 | |a Text |b txt |2 rdacontent | ||
| 337 | |a ohne Hilfsmittel zu benutzen |b n |2 rdamedia | ||
| 338 | |a Band |b nc |2 rdacarrier | ||
| 490 | 1 | |a Kriminologische Forschungsberichte aus dem Max-Planck-Institut für Ausländisches und Internationales Strafrecht, Freiburg i. Br. |v 58 | |
| 502 | |a Zugl.: Freiburg (Breisgau), Univ., Diss., 1995 | ||
| 583 | 1 | |a Archivierung/Langzeitarchivierung gewährleistet |c 20211213 |f DISS |x XA-DE-BW |2 pdager |5 DE-25 | |
| 583 | 1 | |a Archivierung prüfen |c 20240324 |f DE-4165 |z 3 |2 pdager | |
| 650 | 0 | 7 | |0 (DE-588)4078782-5 |0 (DE-627)106076329 |0 (DE-576)20921001X |a Verbrechensopfer |2 gnd |
| 650 | 0 | 7 | |0 (DE-588)4057803-3 |0 (DE-627)106149431 |0 (DE-576)209123753 |a Strafverfolgung |2 gnd |
| 655 | 7 | |a Hochschulschrift |0 (DE-588)4113937-9 |0 (DE-627)105825778 |0 (DE-576)209480580 |2 gnd-content | |
| 689 | 0 | 0 | |d s |0 (DE-588)4078782-5 |0 (DE-627)106076329 |0 (DE-576)20921001X |a Verbrechensopfer |2 gnd |
| 689 | 0 | 1 | |d s |0 (DE-588)4078906-8 |0 (DE-627)106075985 |0 (DE-576)209210435 |a Viktimologie |2 gnd |
| 689 | 0 | 2 | |d s |0 (DE-588)4057803-3 |0 (DE-627)106149431 |0 (DE-576)209123753 |a Strafverfolgung |2 gnd |
| 689 | 0 | |5 (DE-627) | |
| 751 | |a Freiburg im Breisgau |0 (DE-588)4018272-1 |0 (DE-627)106326686 |0 (DE-576)208923535 |4 uvp | ||
| 776 | 0 | 8 | |i Elektronische Reproduktion |a Kilchling, Michael, 1958 - |t Opferinteressen und Strafverfolgung |d Freiburg (Breisgau) : edition iuscrim, Max-Planck-Institut für ausländisches und internationales Strafrecht, 1995 |w (DE-627)1871610877 |k Electronic |
| 810 | 2 | |a Max-Planck-Institut für Ausländisches und Internationales Strafrecht |t Kriminologische Forschungsberichte aus dem Max-Planck-Institut für Ausländisches und Internationales Strafrecht |v 58 |9 58 |w (DE-627)130297623 |w (DE-576)007924828 |w (DE-600)579686-6 |7 am | |
| 856 | 4 | 2 | |u http://www.gbv.de/dms/spk/sbb/toc/272419257.pdf |m V:DE-601 |m B:DE-1 |q pdf/application |x Verlag |y Inhaltsverzeichnis |3 Inhaltsverzeichnis |7 1 |
| 889 | |w (DE-627)18574365X | ||
| 935 | |i mdedup | ||
| 935 | |i Blocktest | ||
| 936 | r | v | |a PH 8600 |b Allgemeines; Täter-Opfer-Ausgleich; Wiedergutmachung; Opferentschädigung |k Rechtswissenschaft |k Strafrecht, Strafverfahrensrecht, Kriminologie |k Kriminologie |k Viktimologie |k Allgemeines; Täter-Opfer-Ausgleich; Wiedergutmachung; Opferentschädigung |0 (DE-627)1271675021 |0 (DE-625)rvk/136512: |0 (DE-576)201675021 |
| 936 | b | k | |a 86.41 |j Kriminologie |0 (DE-627)181572001 |
| 936 | s | n | |a p100 |2 mzub |
| 936 | s | n | |a m200 |2 mzub |
| 951 | |a BO | ||
| ELC | |b 1 | ||
| LOK | |0 000 xxxxxcx a22 zn 4500 | ||
| LOK | |0 001 3319238027 | ||
| LOK | |0 003 DE-627 | ||
| LOK | |0 004 272419257 | ||
| LOK | |0 005 20020612000000 | ||
| LOK | |0 008 960130||||||||||||||||ger||||||| | ||
| LOK | |0 040 |a DE-21 |c DE-627 |d DE-21 | ||
| LOK | |0 852 |a DE-21 | ||
| LOK | |0 852 1 |c 35 A 22051 |9 00 | ||
| LOK | |0 938 |l 34 |8 2 | ||
| LOK | |0 939 |a 30-01-96 |b l01 | ||
| LOK | |0 000 xxxxxcx a22 zn 4500 | ||
| LOK | |0 001 3319238051 | ||
| LOK | |0 003 DE-627 | ||
| LOK | |0 004 272419257 | ||
| LOK | |0 005 20090714105953 | ||
| LOK | |0 008 090707||||||||||||||||ger||||||| | ||
| LOK | |0 040 |a DE-21-110 |c DE-627 |d DE-21-110 | ||
| LOK | |0 541 |e 95/617 | ||
| LOK | |0 689 |a s |a Anzeigeverhalten | ||
| LOK | |0 689 |a s |a Strafverfolgung | ||
| LOK | |0 689 |a s |a Viktimisierung | ||
| LOK | |0 689 |a s |a Empirische Daten | ||
| LOK | |0 689 |a s |a TOA | ||
| LOK | |0 689 |a s |a Außergerichtliche Konfliktregelung | ||
| LOK | |0 689 |a s |a Verfahrenserledigung | ||
| LOK | |0 689 |a s |a Opferinteressen | ||
| LOK | |0 689 |a s |a Opfereinstellung | ||
| LOK | |0 852 |a DE-21-110 | ||
| LOK | |0 852 1 |c S LXXV 58 |m p |9 00 | ||
| LOK | |0 935 |a i110 |a k110 | ||
| LOK | |0 938 |k p | ||
| LOK | |0 939 |a 07-07-09 |b l01 | ||
| LOK | |0 000 xxxxxcx a22 zn 4500 | ||
| LOK | |0 001 3319238833 | ||
| LOK | |0 003 DE-627 | ||
| LOK | |0 004 272419257 | ||
| LOK | |0 005 20100308115918 | ||
| LOK | |0 008 951020||||||||||||||||ger||||||| | ||
| LOK | |0 040 |a DE-Frei85 |c DE-627 |d DE-Frei85 | ||
| LOK | |0 852 |a DE-Frei85 | ||
| LOK | |0 852 1 |m p |9 00 | ||
| LOK | |0 938 |k p | ||
| LOK | |0 939 |a 20-10-95 |b l01 | ||
| ORI | |a SA-MARC-krimdoka001.raw | ||
| SIG | |a IFK: S LXXV 58 | ||
| SIG | |a UB: 35 A 22051 | ||
